|
|
|
|
| LEADER |
01761cas a2200241 a 4500 |
| 001 |
AALejournalIMF014189 |
| 008 |
230101c9999 xx r poo 0 0eng d |
| 020 |
|
|
|c 5.00 USD
|
| 020 |
|
|
|z 9781616355999
|
| 022 |
|
|
|a 1934-7685
|
| 040 |
|
|
|a BD-DhAAL
|c BD-DhAAL
|
| 110 |
2 |
|
|a International Monetary Fund.
|b Western Hemisphere Dept.
|
| 245 |
1 |
0 |
|a Canada :
|b Selected Issues.
|
| 264 |
|
1 |
|a Washington, D.C. :
|b International Monetary Fund,
|c 2014.
|
| 300 |
|
|
|a 1 online resource (35 pages)
|
| 490 |
1 |
|
|a IMF Staff Country Reports
|
| 500 |
|
|
|a <strong>Off-Campus Access:</strong> No User ID or Password Required
|
| 500 |
|
|
|a <strong>On-Campus Access:</strong> No User ID or Password Required
|
| 506 |
|
|
|a Electronic access restricted to authorized BRAC University faculty, staff and students
|
| 520 |
3 |
|
|a This Selected Issues paper looks at the factors behind the accumulation of cash positions by Canadian nonfinancial corporations. Focusing only on listed firms and running a model of changes in cash holdings suggest that greater macroeconomic and business uncertainty may have induced firms to raise the cash buffer at their disposal over the last decade. This is especially the case for firms in the energy and mining sector, which account for the majority of cash accumulation in the sample used in current analysis. The analysis also shows that firms' high cash balances are typically associated with higher levels of capital expenditure, which bodes well for the acceleration of business investment in the near future.
|
| 538 |
|
|
|a Mode of access: Internet
|
| 830 |
|
0 |
|a IMF Staff Country Reports; Country Report ;
|v No. 2014/028
|
| 856 |
4 |
0 |
|z Full text available on IMF
|u http://elibrary.imf.org/view/journals/002/2014/028/002.2014.issue-028-en.xml
|z IMF e-Library
|